| 000 | 01871nam0a2200409 4500 | ||
|---|---|---|---|
| 001 | RU\NLR\bibl\1514754 | ||
| 005 | 20250616024526.0 | ||
| 021 |
_aRU _b2010-28130 _91896 |
||
| 035 | _a(nilc)RSL-KNO-004632346 | ||
| 035 | _a(NLR Aleph) 001506137 | ||
| 090 |
_a51036 _c51036 |
||
| 100 | _a20100421d2009 |||y0rusy50 ca | ||
| 101 | 0 |
_arus _deng |
|
| 102 | _aRU | ||
| 105 | _ay ||||||||| | ||
| 200 | 1 |
_aАдиабатические моды плавно-нерегулярного оптического волновода: нулевое приближение векторной теории _fЭ.А. Айрян, А.А. Егоров, А.Л. Севастьянов [и др.] |
|
| 210 |
_aДубна _cОбъединенный институт ядерных исследований _d2009 |
||
| 215 |
_a18, [1] с. _d22 |
||
| 225 | 1 |
_aПрепринт _fОбъед. ин-т ядер. исслед. _vР11-2009-120 |
|
| 300 | _aРез. на англ. яз. | ||
| 320 | _aБиблиогр. в конце кн. (14 назв.) | ||
| 606 | 1 |
_aВолоконные световоды _xМоды колебаний _92119170 _3RU\NLR\auth\661583471 |
|
| 606 | 1 |
_aВолоконные световоды _xЭлектродинамика _92369635 _3RU\NLR\auth\661414464 |
|
| 610 | 0 | _aволноводы плавно-нерегулируемые | |
| 610 | 0 | _aвекторная теория - нулевое приближение | |
| 686 |
_aВ342.6с21,09 _2rubbk |
||
| 686 |
_aЗ845.79-01с11,0 _2rubbk |
||
| 686 | _aЗ845.79 | ||
| 701 | 1 |
_aАйрян _bЭ. А. _gЭдуард Арташесович _4070 |
|
| 701 | 1 |
_aЕгоров _bА. А. _4070 |
|
| 701 | 1 |
_aСевастьянов _bА. Л. _4070 |
|
| 801 | 0 |
_aRU _bРГБ _c20100421 _grcr |
|
| 801 | 1 |
_aRU _bРГБ _c20100421 |
|
| 801 | 2 |
_aRU _bNLR _c20100524 _grcr |
|
| 942 | _cBOOK | ||
| 980 | _aNB | ||